Biologické účinky Žeruchy peruánskej (Lepidium meyenii)

Saved in:
Bibliographic Details
Main Author: Sukhanova, Svitlana (Author)
Other Authors: Mošovská, Silvia (Thesis advisor)
Format: Manuscript Book
Language:Slovak
Published: 2025
Subjects:
Online Access:http://is.stuba.sk/zp/portal_zp.pl?podrobnosti=192208
Tags: Add Tag
No Tags, Be the first to tag this record!

MARC

LEADER 00000ntm a22000003a 4500
001 stuzp104128
003 SK-STU
005 20250628211241.7
007 ta
008 150427s2015----xo-----f-mn---000-0-slo-d
040 |a STU  |b slo 
041 0 |a slo 
100 1 |a Sukhanova, Svitlana  |u 040270  |4 aut  |U FCHPT Ústav potravinárstva a výživy  |T FCHPT Oddelenie výživy a hodnotenia kvality potravín  |X 105451  |U C0270  |Y 686  |7 105451 
242 0 1 |a Biological effects of Maca (Lepidium meyenii)  |y eng 
245 1 0 |a Biologické účinky Žeruchy peruánskej (Lepidium meyenii) 
260 |c 2025 
650 4 |a žerucha peruánska  |2 slo 
650 4 |a vitamíny  |2 slo 
650 4 |a makamidy  |2 slo 
650 4 |a minerálne látky  |2 slo 
650 4 |a glukozinoláty  |2 slo 
650 4 |a antioxidanty  |2 slo 
650 4 |a alkaloidy  |2 slo 
650 4 |a glucosinolates  |2 eng 
650 4 |a antioxidants  |2 eng 
650 4 |a alkaloids  |2 eng 
650 4 |a minerals  |2 eng 
650 4 |a Peruvian maca  |2 eng 
650 4 |a vitamins  |2 eng 
650 4 |a macamides  |2 eng 
700 1 |a Mošovská, Silvia  |u 040270  |k Z2  |4 ths  |U FCHPT Ústav potravinárstva a výživy  |T FCHPT Oddelenie výživy a hodnotenia kvality potravín  |X 25438  |U C0270  |Y 686  |7 A000025438 
856 4 |u http://is.stuba.sk/zp/portal_zp.pl?podrobnosti=192208